000
00279nam a22001337a 4500
008
180214b xxu||||| |||| 00| 0 eng d
020
_a
9780077668792
041
_a
eng
080
_a
61
100
_a
14
101
_a
shm
245
_a
law ethics
_c
karen.j
942
_2
udc
_c
BK
999
_c
42459
_d
42459